[Event "12th Open"]
[Site "Dubai UAE"]
[Date "2010.04.05"]
[Round "1"]
[White "Guseinov,G"]
[Black "Bennett,J"]
[Result "1-0"]
[WhiteElo "2609"]
[BlackElo "2160"]

1.e4 c5 2.Nf3 Nc6 3.Nc3 e6 4.d4 cxd4 5.Nxd4 Nf6 6.Nxc6 bxc6 7.e5 Nd5 8.Ne4 Qc7
9.f4 Qb6 10.c4 Bb4+ 11.Ke2 Ba6 12.Kf3 f5 13.Nf2 Ne7 14.Be3 Bc5 15.Bxc5 Qxc5
16.Qd6 Qxd6 17.exd6 Ng6 18.b3 e5 19.fxe5 Nxe5+ 20.Ke3 O-O 21.Kd4 Rae8 22.c5 Bxf1
23.Rhxf1 Ng4 24.Nxg4 Re4+ 25.Kc3 fxg4 26.Rxf8+ Kxf8 27.Rf1+ Ke8 28.Kd3 Re5
29.b4 Rh5 30.Re1+ Kd8 31.Re7 g6 32.Rg7 Kc8 33.Rg8+ Kb7 34.Rd8 Rxh2 35.Rxd7+ Kc8
36.Rxa7 Rxg2 37.b5  1-0

[Event "21st Pobeskydi Chance Cup"]
[Site "Frydek-Mistek CZE"]
[Date "2010.04.05"]
[Round "9"]
[White "Dvorak,T"]
[Black "Tuma,Ja"]
[Result "0-1"]
[WhiteElo "2297"]
[BlackElo "2201"]

1.e4 c5 2.Nf3 e6 3.d4 cxd4 4.Nxd4 Nc6 5.Nc3 a6 6.Be2 d6 7.Be3 Be7 8.f4 Nf6
9.Qd2 O-O 10.O-O-O Bd7 11.g4 b5 12.g5 b4 13.gxf6 bxc3 14.Qxc3 Nxd4 15.Bxd4 gxf6
16.Qh3 Kh8 17.f5 e5 18.Be3 Qa5 19.Rhg1 Rg8 20.Rg3 Rxg3 21.hxg3 Qd8 22.Rh1 Qg8
23.Qg2 Bc6 24.Rh4 Bf8 25.Qh3 Bg7 26.Bc4 Rd8 27.Bd5 Bxd5 28.exd5 Rb8 29.Rg4 Rb5
30.c4 Qc8 31.Rh4 Rxd5 32.b3 Rd3 33.Bd2 d5 34.Kd1 e4 35.cxd5 e3 36.Rc4 Rxd2+  0-1

[Event "17th TCh-RUS Higher League"]
[Site "Dagomys RUS"]
[Date "2010.04.07"]
[Round "6"]
[White "Nikolenko,O"]
[Black "Bukavshin,I"]
[Result "1-0"]
[WhiteElo "2534"]
[BlackElo "2427"]

1.e4 c5 2.Nf3 e6 3.d4 cxd4 4.Nxd4 Nc6 5.Nc3 Qc7 6.g3 a6 7.Bg2 Nf6 8.O-O Nxd4
9.Qxd4 Bc5 10.Bf4 d6 11.Qd2 h6 12.Rad1 e5 13.Be3 Be6 14.Bxc5 dxc5 15.Nd5 Bxd5
16.exd5 Qd6 17.f4 O-O 18.fxe5 Qxe5 19.d6 Qxb2 20.c4 Qxd2 21.Rxd2 Rab8 22.a4 b6
23.d7 Rfd8 24.Rxf6 gxf6 25.Bc6 Kf8 26.Re2 Ra8 27.Kf2 Rab8 28.Kf3 Kg7 29.Re8 f5
30.Kf4 Kf6 31.h3 h5 32.h4 a5 33.Bb5 Ra8 34.Re5 Ra7 35.Rxf5+ Ke6 36.Re5+ Kf6
37.Rf5+ Ke6 38.Rxh5 Raxd7 39.Bxd7+ Rxd7 40.Re5+ Kf6 41.Rd5 Re7 42.Rd6+ Kg7
43.Rxb6 Rd7 44.h5 Rd4+ 45.Kg5 Rxc4 46.h6+ Kh7 47.Rb7 Kg8 48.Rb8+ Kh7 49.Rf8 Rc3
50.Rxf7+ Kg8 51.h7+ Kxf7 52.h8=Q Rxg3+ 53.Kf5 Ra3 54.Qh7+ Ke8 55.Ke6  1-0

[Event "59th ch-BUL w"]
[Site "Dupnitsa BUL"]
[Date "2010.04.08"]
[Round "1"]
[White "Sirkova,D"]
[Black "Genova,Ly"]
[Result "0-1"]
[WhiteElo "2084"]
[BlackElo "2277"]

1.e4 c5 2.Nf3 e6 3.d4 cxd4 4.Nxd4 Nc6 5.Nc3 Qc7 6.Be3 a6 7.Qd2 Nf6 8.O-O-O Bb4
9.f3 O-O 10.g4 b5 11.g5 Ne8 12.Nxc6 Qxc6 13.Bd4 Bb7 14.Bd3 Nd6 15.Qf4 Rac8
16.Qh4 Bxc3 17.Bxc3 Qc5 18.e5 Nf5 19.Bxf5 exf5 20.Rd3 a5 21.a3 Rfe8 22.Re1 Bd5
23.Qd4 Qxd4 24.Bxd4 Bc4 25.Rdd1 Rb8 26.Bc5 Rec8 27.b4 axb4 28.Bxb4 Be6 29.Rd4 Rb7
30.Kb2 Rbc7 31.c3 Rc4 32.Red1 R4c6 33.Rh4 Re8 34.Rdd4 g6 35.Rh6 Rc4 36.Rhh4 Bd5
37.Rxc4 bxc4 38.Bd6 Rc8 39.Rh3 Rc6 40.Kc2 Rb6 41.Bb4 Bc6 42.Rh4 Bxf3 43.Rxc4 Bc6
44.Bd6 f6 45.gxf6 Ra6 46.Rb4 Ra8 47.Kd2 Kf7 48.Rh4 h5 49.Rf4 Be4 50.h4 Ra4
51.Rf2 Ke6 52.Ke3 Rc4 53.Bb4 Bd5 54.Rh2 Kxe5  0-1

[Event "59th ch-BUL w"]
[Site "Dupnitsa BUL"]
[Date "2010.04.09"]
[Round "2"]
[White "Gocheva,R"]
[Black "Sirkova,D"]
[Result "0-1"]
[WhiteElo "2164"]
[BlackElo "2084"]

1.e4 c5 2.Nf3 e6 3.d4 cxd4 4.Nxd4 Nc6 5.Nc3 Nf6 6.a3 a6 7.Be2 Qc7 8.Be3 Be7
9.f4 d6 10.O-O O-O 11.Qe1 Nxd4 12.Bxd4 e5 13.fxe5 dxe5 14.Qg3 Bc5 15.Bxc5 Qxc5+
16.Kh1 Kh8 17.Qh4 Qe7 18.Rad1 b5 19.Rd3 Nd5 20.Qxe7 Nxe7 21.a4 Be6 22.axb5 axb5
23.Nxb5 Ra2 24.Rd6 Rc8 25.Rfd1 Rxb2 26.Bd3 g6 27.h3 Kg7 28.Ra1 Bc4 29.Na3 Be6
30.Ra6 Nc6 31.Nb5 Nb4 32.Nd6 Rd8 33.Nb7 Rb8 34.Nc5 Nxa6 35.Nxe6+ fxe6 36.Rxa6 R8b6
37.Ra7+ Rb7 38.Ra6 R2b6 39.Ra5 Kf6 40.Kh2 Rc6 41.Ra2 Rc3 42.Ra5 Rc6 43.Ra2 Rc3
44.Kg3 g5 45.Kf3 h5 46.Ke3 Rb1 47.Ra8 Rb2 48.Kd2 Rc6 49.Rh8 h4 50.Rg8 Rb1
51.Rf8+ Kg7 52.Rf2 Rcb6 53.Ke3 Rg1 54.Rd2 Rbb1 55.Kf2 Rgc1 56.Kf3 Rb8 57.Ke3 Rf8
58.Be2 Re1 59.Rd6 Rc8 60.Rd2 Rc3+ 61.Kf2 Ra1 62.Bd3 Kg6 63.Be2 Ra4 64.Bd3 Rd4
65.Ke3 Kf7 66.Rf2+ Ke7 67.Rf1 Ra4 68.Kd2 Rc8 69.Rb1 g4 70.Rb7+ Kf6 71.Rh7 gxh3
72.gxh3 Kg5 73.Ke3 Ra3 74.Rg7+ Kh6 75.Rg4 Kh5 76.Kd2 Rf8 77.Rg2 Kh6 78.Ke3 Rf1
79.Rg4 Kh5 80.Rg8 Rh1 81.Rh8+ Kg5 82.Rg8+ Kf6 83.Rf8+ Kg7 84.Rf3 Rh2 85.Rf1 Rxc2
86.Rh1 Rg2 87.Rd1 Rh2 88.Rg1+ Kh6  0-1

[Event "IV Open"]
[Site "La Laguna ESP"]
[Date "2010.04.09"]
[Round "6"]
[White "Cruz Veloz,M"]
[Black "Olivera Gutierrez,A"]
[Result "1-0"]
[WhiteElo "1888"]
[BlackElo "2101"]

1.e4 c5 2.Nf3 Nc6 3.Nc3 e6 4.d4 cxd4 5.Nxd4 Qc7 6.g3 a6 7.Bg2 h5 8.O-O h4
9.Bf4 Qb6 10.Nb3 hxg3 11.hxg3 Nf6 12.Re1 Bb4 13.Bd6 Bxc3 14.bxc3 e5 15.Nd2 Qa5
16.Nc4 Qxc3 17.Nb6 Rb8 18.Bxb8 Nxb8 19.Qd6 Nc6 20.Nxc8 Kd8 21.Nb6 Rh6 22.Qf8+ Kc7
23.Na8+  1-0

[Event "IV Open"]
[Site "La Laguna ESP"]
[Date "2010.04.10"]
[Round "7"]
[White "Heberla,B"]
[Black "Navarro Molina,D"]
[Result "1-0"]
[WhiteElo "2509"]
[BlackElo "1967"]

1.e4 c5 2.Nf3 e6 3.Nc3 Nc6 4.d4 cxd4 5.Nxd4 Qc7 6.Be2 a6 7.O-O b5 8.Nxc6 dxc6
9.a4 b4 10.Nb1 Nf6 11.Bd3 h5 12.h3 Bc5 13.Qf3 Ng4 14.Bf4 e5 15.Bc1 Nf6 16.Nd2 h4
17.a5 Nh5 18.Nc4 Be6 19.Be3 Bxe3 20.Qxe3 c5 21.Nb6 Ra7 22.Rfd1 Nf4 23.Bf1 Rh6
24.Nd5 Bxd5 25.exd5 Qd6 26.c3 bxc3 27.bxc3 Kf8 28.Rab1 Qc7 29.Kh2 Ra8 30.Rb2 Rd8
31.c4 Rhd6 32.Qd2 Qe7 33.Rdb1 Kg8 34.Qe3 R6d7 35.Rb6 Ng6 36.Bd3 Nf4 37.Bf1 Ng6
38.Rxa6 e4 39.Kg1 Kh7 40.Be2 f5 41.Re6 Qf8 42.Qg5 Ne7 43.Bh5 f4 44.Rxe4  1-0

[Event "IV Open"]
[Site "La Laguna ESP"]
[Date "2010.04.10"]
[Round "7"]
[White "Perez Aleman,P"]
[Black "Gomez,Gu"]
[Result "0-1"]
[WhiteElo "2094"]
[BlackElo "2137"]

1.e4 c5 2.Nf3 Nc6 3.d4 cxd4 4.Nxd4 e6 5.Nc3 a6 6.Be2 Nf6 7.O-O d6 8.Bg5 Be7
9.Qd2 Qc7 10.Rad1 Nxd4 11.Qxd4 Bd7 12.Bf3 Bc6 13.Rfe1 e5 14.Qc4 b5 15.Qb3 O-O
16.Bxf6 Bxf6 17.Nd5 Bxd5 18.Rxd5 Be7 19.Be2 Rab8 20.Qd3 Rfc8 21.Bg4 Qa5 22.c3 Rc7
23.a3 Qb6 24.Be2 g6 25.Qg3 Rc5 26.Rd3 Bf8 27.h4 a5 28.b4 Rc4 29.Re3 Rc7 30.h5 axb4
31.cxb4 Bh6 32.Rd3 Rbc8 33.Bd1 Kg7 34.Qh4 Rc3 35.Rh3 Rxh3 36.Qxh3 Rc1 37.hxg6 hxg6
38.Qd3 Qc6 39.Qb3 Rc3 40.Qb2 Bc1 41.Qb1 Rxa3 42.Bb3 Bd2 43.Bd5 Qc3 44.Rf1 Ra7
45.g3 Ra3 46.Kh2 f6 47.Be6 Qd4 48.Kg2 Qc3 49.Kh2 Ra8 50.Kg2 Ra4 51.Bd7 Ra3
52.Be6 g5 53.Kh2 Ra7 54.Kg2 Ra3 55.Kh2 Kf8 56.Bf5 Ke7 57.Bg4 Kd8 58.Kg2 Kc7
59.Rh1 Kb6  0-1

[Event "XXVIII Open A"]
[Site "Metz FRA"]
[Date "2010.04.10"]
[Round "1"]
[White "Prasanna,Ra"]
[Black "Sokolov,And1"]
[Result "1/2-1/2"]
[WhiteElo "2306"]
[BlackElo "2563"]

1.e4 c5 2.Nf3 e6 3.d4 cxd4 4.Nxd4 Nc6 5.Nc3 Qc7 6.Be3 Nf6 7.Be2 Be7 8.O-O O-O
9.f4 d6 10.Kh1 a6 11.Qe1 Nxd4 12.Bxd4 b5 13.a3 Bb7 14.Qg3 Rad8 15.Rae1 Rd7
16.Bd3 Re8 17.e5 dxe5 18.Bxe5 Qd8 19.Ne4 g6 20.Nxf6+ Bxf6 21.Bxf6 Qxf6 22.f5 Qxb2
23.fxe6 fxe6 24.Rxe6 Rf8 25.Rxf8+ Kxf8 26.h4 Qd4 27.h5 gxh5 28.Qb8+ Kg7 29.Qg3+ Kf8
30.Qb8+ Kg7 31.Qg3+ Kf8 32.Rh6 Bxg2+ 33.Qxg2 Qh4+ 34.Qh2 Qe1+ 35.Qg1 Qh4+
36.Qh2 Qe1+ 37.Qg1  1/2-1/2

[Event "Sydney Int Open"]
[Site "Parramatta AUS"]
[Date "2010.04.10"]
[Round "8"]
[White "Illingworth,M"]
[Black "Johansen,D"]
[Result "1-0"]
[WhiteElo "2289"]
[BlackElo "2457"]

1.e4 c5 2.Nf3 e6 3.d4 cxd4 4.Nxd4 Nc6 5.Nc3 d6 6.Be3 Nf6 7.f3 Be7 8.Qd2 O-O
9.O-O-O a6 10.g4 Nd7 11.h4 Nde5 12.Qg2 b5 13.g5 Bd7 14.Kb1 Nxd4 15.Bxd4 b4
16.Ne2 Qc7 17.f4 Rfc8 18.Ng3 Nc6 19.Be3 d5 20.exd5 b3 21.g6 bxa2+ 22.Ka1 Nb4
23.gxf7+ Kxf7 24.dxe6+ Bxe6 25.c3 Rd8 26.Re1 Nd5 27.Bd4 Nf6 28.Rg1 Rg8 29.Ne4 Nh5
30.f5 Bxf5 31.Ng5+ Bxg5 32.Qd5+  1-0

[Event "Bundesliga 2009-10"]
[Site "Bremen GER"]
[Date "2010.04.11"]
[Round "15"]
[White "Bok,B"]
[Black "Babula,V"]
[Result "1/2-1/2"]
[WhiteElo "2351"]
[BlackElo "2569"]

1.e4 c5 2.Nf3 e6 3.d4 cxd4 4.Nxd4 Nc6 5.Nc3 d6 6.Be3 Nf6 7.Qd2 Be7 8.f3 O-O
9.O-O-O a6 10.g4 Nd7 11.Kb1 Nxd4 12.Bxd4 b5 13.Bd3 Qc7 14.Qg2 b4 15.Ne2 a5
16.g5 a4 17.h4 Ne5 18.f4 Nxd3 19.cxd3 Ba6 20.Ng3 Rfc8 21.Rd2 e5 22.Be3 a3
23.b3 Qc3 24.Rhd1 exf4 25.Bxf4 g6 26.Qf3 Bf8 27.Ne2 Qc6 28.Rc1 Qd7 29.Rdc2 Rc5
30.Bd2 d5 31.e5 Rxc2 32.Rxc2 Re8 33.d4 Rc8 34.Rxc8 Qxc8 35.Nf4 Qf5+ 36.Kc1 h6
37.Qxd5 hxg5 38.hxg5 Qc8+ 39.Kd1 Qg4+ 40.Kc1 Qc8+ 41.Kb1  1/2-1/2

[Event "Final Four of College Chess"]
[Site "Brownsville USA"]
[Date "2010.04.11"]
[Round "3"]
[White "Erenburg,S"]
[Black "Flores Rios,M"]
[Result "1-0"]
[WhiteElo "2580"]
[BlackElo "2509"]

1.e4 c5 2.Nf3 e6 3.d4 cxd4 4.Nxd4 Nc6 5.Nc3 Qc7 6.Be3 a6 7.Be2 Nf6 8.O-O Bb4
9.Na4 Be7 10.Nxc6 bxc6 11.Nb6 Rb8 12.Nxc8 Qxc8 13.Bd4 O-O 14.e5 Nd5 15.c4 Nf4
16.Bf3 Qc7 17.g3 Ng6 18.Qe2 c5 19.Bc3 f6 20.exf6 Bxf6 21.Bxf6 Rxf6 22.Rad1 Ne7
23.Be4 Nf5 24.Bxf5 Rxf5 25.Rd2 Rbf8 26.Qd3 R8f7 27.Qe4 a5 28.Rfd1 Qc8 29.Re2 h5
30.Rd6 Qb8 31.Ra6 Qc7 32.Qa8+ Rf8 33.Qa7 Qd8 34.Rd6 R8f7 35.Red2 Qf6 36.Rxd7 Qe5
37.Qa8+ Kh7 38.Rxf7 Rxf7 39.Kf1 h4 40.Re2 Qh5 41.Qe4+ Kg8 42.Qxe6 h3 43.Qe8+ Kh7
44.g4 Qg6 45.Qe4 Rd7 46.f3 Rd4 47.Qxg6+ Kxg6 48.Kf2 Rxc4 49.Kg3 Kf6 50.Kxh3 a4
51.Kg3 Rc1 52.h4 Rc4 53.a3 Rd4 54.Rc2 c4 55.Re2 Rd1 56.Re4 Rc1 57.Kf4 Rc2
58.h5 g5+ 59.hxg6 Kxg6 60.g5 Kf7 61.Kg4 Kg6 62.Re6+ Kf7 63.Rc6 Ke7 64.f4 Kd7
65.Rb6 c3 66.bxc3 Rxc3 67.g6 Ke7 68.f5 Rb3 69.f6+ Kd7 70.Ra6 Rxa3 71.f7  1-0

[Event "Bundesliga 2009-10"]
[Site "Eppingen GER"]
[Date "2010.04.11"]
[Round "15"]
[White "Guliyev,N"]
[Black "Brandenburg,D"]
[Result "1-0"]
[WhiteElo "2525"]
[BlackElo "2480"]

1.e4 c5 2.Nf3 e6 3.d4 cxd4 4.Nxd4 Nc6 5.Nc3 Qc7 6.Be2 a6 7.O-O Nf6 8.Be3 Bb4
9.Na4 Be7 10.Nxc6 bxc6 11.Nb6 Rb8 12.Nxc8 Qxc8 13.Bd4 Qc7 14.e5 Nd5 15.b3 a5
16.c4 Nf4 17.Bf3 O-O 18.Qd2 Ng6 19.Rad1 Rb7 20.Qe3 f6 21.exf6 Bxf6 22.Bc5 Be7
23.Be4 Bxc5 24.Qxc5 Qe5 25.Qe3 Qf4 26.Bxg6 hxg6 27.Qc3 Qc7 28.Rd4 d5 29.Rg4 Rf6
30.Re1 Qb6 31.c5 Qc7 32.h4 Kf7 33.Re3 Rb8 34.Reg3 Rh8 35.Ra4 e5 36.Qxa5 Qxa5
37.Rxa5 Rxh4 38.Ra7+ Kg8 39.Rb7 Rhf4 40.f3 Rd4 41.a4 Rd1+ 42.Kh2 Ra1 43.Rg4 Re6
44.Rd7 d4 45.Re4 Rc1 46.a5 Rxc5 47.a6 Ra5 48.a7 Re8 49.Rb7 Rf8 50.b4 Rb5
51.Rxb5 cxb5 52.Rxe5 Ra8 53.Rxb5 Rxa7 54.Rd5 Ra3 55.Rxd4 Rb3 56.Kh3 Rb2 57.g3 Rb3
58.Kg4 g5 59.Rd8+ Kf7 60.Rb8 Kg6 61.Rb6+ Kf7 62.b5 Kg8 63.Kxg5 Rxf3 64.g4 Kh7
65.Rc6 Rb3 66.b6 Rb5+ 67.Kf4 g5+ 68.Ke4 Kg7 69.Kd4 Kf7 70.Kc4 Rb1 71.Kc5 Rb2
72.Kd6 Rb4 73.Kc7  1-0

[Event "Bundesliga 2009-10"]
[Site "Eppingen GER"]
[Date "2010.04.11"]
[Round "15"]
[White "Czarnota,P"]
[Black "Cyborowski,L"]
[Result "1/2-1/2"]
[WhiteElo "2537"]
[BlackElo "2503"]

1.e4 c5 2.Nf3 e6 3.d4 cxd4 4.Nxd4 Nc6 5.Nc3 a6 6.Be2 d6 7.O-O Nf6 8.Be3 Bd7
9.f4 Be7 10.Kh1 O-O 11.Nb3 b5 12.a3 Qc7 13.Bf3 Rab8 14.g4 Bc8 15.g5 Nd7 16.Bg2 Re8
17.Rf3 a5 18.Rh3 b4 19.axb4 axb4 20.Ne2 Bb7 21.Ng3  1/2-1/2

[Event "12th Open"]
[Site "Dubai UAE"]
[Date "2010.04.12"]
[Round "8"]
[White "Petrosian,TL"]
[Black "Satyapragyan,S"]
[Result "1-0"]
[WhiteElo "2612"]
[BlackElo "2466"]

1.e4 c5 2.Nf3 e6 3.d4 cxd4 4.Nxd4 Nc6 5.Nc3 d6 6.Be2 Nf6 7.O-O Be7 8.Be3 O-O
9.f4 e5 10.Nb3 exf4 11.Bxf4 Be6 12.Kh1 d5 13.e5 Nd7 14.Nxd5 Ndxe5 15.Nxe7+ Qxe7
16.Qe1 f6 17.Rd1 Rad8 18.Qc3 Kh8 19.Qc5 Qxc5 20.Nxc5 Bc8 21.c3 b6 22.Ne4 Bg4
23.Rxd8 Rxd8 24.Bb5 Bf5 25.Nf2 Kg8 26.Kg1 Be6 27.b3 Rd5 28.a4 Rd8 29.b4 Bc4
30.Re1 a6 31.Bxc6 Nxc6 32.Bc7 Rd2 33.Bxb6 Rc2 34.Nd1 Rc1 35.Be3 Ra1 36.Bd2 Bb3
37.Nb2 Ra2 38.Bc1 Ne5 39.a5 Kf7 40.h3 Bd5 41.Rd1 Bb3 42.Rf1 Bd5 43.Re1 h5
44.h4 Kg6 45.Kh2 Kf7 46.Kg3 g6 47.Rg1 Bb3 48.Kf4 Bd5 49.Ke3 Ra1 50.Kd4 Ke6
51.c4 Bb7 52.Nd3 Nxd3 53.Kxd3 Rb1 54.Kc3 Be4 55.Kd4 f5 56.Kc5 f4 57.Re1 Kf5
58.Rf1 Bxg2 59.Rxf4+ Ke5 60.Rf2 Be4 61.Bb2+ Ke6 62.b5 axb5 63.cxb5 g5 64.hxg5 h4
65.a6 h3 66.b6 Rg1 67.b7 Rxg5+ 68.Kb6 Bd3 69.b8=Q Rb5+ 70.Ka7 Rxb8 71.Kxb8  1-0

[Event "6th TCh-CHN"]
[Site "Ningbo CHN"]
[Date "2010.04.17"]
[Round "2"]
[White "Ruan Lufei"]
[Black "Liang Zhihua"]
[Result "1-0"]
[WhiteElo "2479"]
[BlackElo "2216"]

1.e4 c5 2.Nf3 e6 3.d4 cxd4 4.Nxd4 Nc6 5.Nc3 Qc7 6.Be2 a6 7.O-O Nf6 8.Be3 Bb4
9.Na4 O-O 10.c4 Bd6 11.g3 Nxe4 12.c5 Be5 13.Nxc6 bxc6 14.Qd3 f5 15.f3 Qa5
16.Bd1 Nf6 17.Nb6 Nd5 18.Nxa8 Bxb2 19.Rb1 Ba3 20.Kh1 Bxc5 21.Bxc5 Qxc5 22.Bb3 Nb4
23.Qc4 Qxc4 24.Bxc4 c5 25.a3 Nc2 26.Rb8 Nxa3 27.Be2 Nb5 28.Bxb5 axb5 29.Nb6 Ba6
30.Rxf8+  1-0

[Event "9th Open"]
[Site "Weiz AUT"]
[Date "2010.04.17"]
[Round "4"]
[White "Poetz,F"]
[Black "Kragelj,I"]
[Result "1-0"]
[WhiteElo "2317"]
[BlackElo "2226"]

1.e4 c5 2.Nf3 e6 3.d4 cxd4 4.Nxd4 Nc6 5.Nc3 Qc7 6.Be2 a6 7.O-O Nf6 8.Kh1 Be7
9.f4 d6 10.Be3 O-O 11.Qe1 Nxd4 12.Bxd4 b5 13.a3 Bb7 14.Qg3 Rad8 15.Rae1 Rd7
16.Bf3 g6 17.f5 e5 18.Be3 Kh8 19.Bg5 Qd8 20.Bd1 Ng8 21.h4 h6 22.Bxe7 Qxe7
23.Rf2 Kh7 24.Ref1 gxf5 25.Rxf5 f6 26.Bg4 Qd8 27.R5f2 Rg7 28.Bf5+ Kh8 29.Qd3 Qe7
30.Rd2 Rd8 31.Rfd1 Qe8 32.Qf3  1-0

[Event "Open"]
[Site "Bar MNE"]
[Date "2010.04.18"]
[Round "2"]
[White "Petrusic,G"]
[Black "Rajkovic,Du"]
[Result "0-1"]
[WhiteElo "1944"]
[BlackElo "2463"]

1.e4 c5 2.Nf3 e6 3.d4 cxd4 4.Nxd4 Nc6 5.Nc3 Qc7 6.Be2 a6 7.f4 b5 8.Nxc6 Qxc6
9.Bf3 Bb7 10.e5 Qc7 11.Be3 Nh6 12.Ne4 Rc8 13.c3 Nf5 14.Bf2 Be7 15.Qd2 O-O
16.O-O Rfd8 17.g4 d5 18.Ng3 d4 19.Bxd4 Nxd4 20.cxd4 Rxd4 21.Qg2 Bxf3 22.Qxf3 Rd2
23.Ne4 Rxb2 24.Rf2 Bc5 25.Nxc5 Qxc5 26.Kg2 Rxf2+ 27.Qxf2 Qd5+ 28.Kg1 h6 29.Rf1 a5
30.h4 Rc3 31.h5 Qd3 32.f5 Qh3 33.Qh2 Qxg4+ 34.Kf2 Rc2+  0-1

[Event "Open"]
[Site "Bar MNE"]
[Date "2010.04.19"]
[Round "4"]
[White "Mijovic,S"]
[Black "Potpara,N"]
[Result "1/2-1/2"]
[WhiteElo "2354"]
[BlackElo "1974"]

1.e4 c5 2.Nf3 e6 3.d4 cxd4 4.Nxd4 Nc6 5.Nc3 Qc7 6.Be2 a6 7.Be3 Nf6 8.O-O Be7
9.f4 d6 10.Qe1 O-O 11.Qg3 Nxd4 12.Bxd4 b5 13.a3 Bb7 14.Rae1 Bc6 15.Kh1 Qb7
16.Bd3 b4 17.axb4 Qxb4 18.Ne2 Qb7 19.e5 dxe5 20.Bxe5 g6 21.Nd4 Rae8 22.Nxc6 Qxc6
23.Ra1 Ra8 24.Qe1 Nd5 25.c4 Nb4 26.Be4 Qxc4 27.Bxa8 Rxa8 28.Qc3 Qb5 29.Rfc1 Bf8
30.Qc4 Qb7 31.Bc3 Nd5 32.Qe4 Qb5 33.Bd4 Bd6 34.Be5 Bxe5 35.Qxe5 Qb4 36.f5 gxf5
37.Ra3 Qf4 38.Qxf4 Nxf4 39.g3 Nd5 40.Rc6 Rb8 41.b3 Nb4 42.Rd6 Kg7 43.Ra1  1/2-1/2

[Event "Open"]
[Site "Bar MNE"]
[Date "2010.04.20"]
[Round "5"]
[White "Djukic,Ni"]
[Black "Kontic,D"]
[Result "1-0"]
[WhiteElo "2509"]
[BlackElo "2356"]

1.e4 c5 2.Nf3 e6 3.d4 cxd4 4.Nxd4 Nc6 5.Nc3 a6 6.Be2 Qc7 7.O-O Nf6 8.Be3 Bb4
9.Na4 Be7 10.Nxc6 dxc6 11.Nb6 Rb8 12.e5 Nd5 13.Nxd5 cxd5 14.Bd3 Qxe5 15.Bd4 Qf4
16.Bxg7 Rg8 17.Bc3 Bf6 18.Bxf6 Qxf6 19.f4 Bd7 20.Qe2 Kf8 21.Rae1 Rc8 22.Rf2 h6
23.f5 exf5 24.Qe5 Qxe5 25.Rxe5 Re8 26.Rxe8+ Kxe8 27.Bxf5 Bb5 28.Rf4 Rg5 29.Kf2 Ke7
30.g3 a5 31.Ke3 b6 32.Kd4 Bc6 33.Bg4 Rg6 34.Bh5 Rf6 35.Rxf6 Kxf6 36.Bf3 Ke6
37.c4 Kd6 38.Bxd5 Be8 39.Ke4 Kc5 40.Ke5 a4 41.h4 h5 42.a3 b5 43.cxb5 f6+
44.Ke6 Bxb5 45.Bf3 Be8 46.Ke7 Bg6 47.Kxf6 Be8 48.Kg5 Kc4 49.Bxh5 Bxh5 50.Kxh5 Kb3
51.g4 Kxb2 52.g5 Kxa3 53.g6 Kb3 54.g7 a3 55.g8=Q+  1-0

[Event "ch-SRB"]
[Site "Kragujevac SRB"]
[Date "2010.04.20"]
[Round "3"]
[White "Pavlovic,Milos"]
[Black "Govedarica,R"]
[Result "1-0"]
[WhiteElo "2540"]
[BlackElo "2395"]

1.e4 c5 2.Nf3 e6 3.d4 cxd4 4.Nxd4 Nc6 5.Nc3 d6 6.Be3 Nf6 7.Qd2 Be7 8.f3 a6
9.O-O-O O-O 10.g4 Nxd4 11.Bxd4 b5 12.Kb1 Bb7 13.g5 Nd7 14.h4 Qc7 15.g6 Nf6
16.h5 e5 17.Be3 d5 18.Nxd5 Bxd5 19.exd5 Nxd5 20.h6 hxg6 21.hxg7 Rfd8 22.Bd3 Nxe3
23.Qxe3 Kxg7 24.Qh6+ Kf6 25.Qh4+ Kg7 26.Qh7+ Kf6 27.Bxg6 Rxd1+ 28.Rxd1 fxg6
29.Rg1 g5 30.Rh1 Ke6 31.Rh6+  1-0

[Event "Open"]
[Site "Bar MNE"]
[Date "2010.04.21"]
[Round "6"]
[White "Vujacic,Bo"]
[Black "Tosic,M"]
[Result "1/2-1/2"]
[WhiteElo "2318"]
[BlackElo "2439"]

1.e4 c5 2.Nf3 e6 3.d4 cxd4 4.Nxd4 Nc6 5.Nc3 Qc7 6.Be2 a6 7.O-O Nge7 8.Ndb5 axb5
9.Nxb5 Qb8 10.Nd6+ Kd8 11.Nxf7+ Ke8 12.Nd6+ Kd8  1/2-1/2

[Event "Open"]
[Site "Bar MNE"]
[Date "2010.04.21"]
[Round "6"]
[White "Kontic,D"]
[Black "Dimitrijevic,A"]
[Result "1-0"]
[WhiteElo "2356"]
[BlackElo "2286"]

1.e4 c5 2.Nc3 Nc6 3.Nge2 e6 4.d4 cxd4 5.Nxd4 a6 6.Bf4 Qb6 7.Nb3 Nge7 8.a3 g6
9.Qd2 Bg7 10.O-O-O O-O 11.Bd6 f5 12.h4 Rf7 13.h5 Nd4 14.e5 Nxb3+ 15.cxb3 Nc6
16.hxg6 hxg6 17.Qf4 Qxb3 18.Qh4 Rf8 19.Qh7+ Kf7 20.Rh6 b5 21.Rxg6 Rg8 22.Rf6+  1-0

[Event "ch-SRB w"]
[Site "Pancevo SRB"]
[Date "2010.04.21"]
[Round "2"]
[White "Stojanovic,Andj"]
[Black "Miladinovic,L"]
[Result "1-0"]
[WhiteElo "2301"]
[BlackElo "2038"]

1.e4 c5 2.Nf3 e6 3.d4 cxd4 4.Nxd4 Nc6 5.Nc3 Qc7 6.Be2 Nf6 7.O-O Be7 8.Be3 O-O
9.f4 d6 10.Ndb5 Qb8 11.a4 b6 12.Bf3 Bb7 13.Qd2 a6 14.Na3 Qc7 15.Nc4 Nd7 16.Rad1 Rfd8
17.Nxd6 Nde5 18.fxe5 Nxe5 19.Qf2 Rxd6 20.Rxd6 Nxf3+ 21.gxf3 Qxd6 22.Bxb6 Qb4
23.a5 Rc8 24.Nd1 f5 25.c3 Qb5 26.exf5 exf5 27.Re1 Bf6 28.Ne3 Bg5 29.h4 Bf4
30.Ng2 Bb8 31.Re7 Bd5 32.Qd4 Bf7 33.Qd7 Qxd7 34.Rxd7 Kf8 35.Ne3 Be6 36.Rb7 h6
37.h5 f4 38.Ng4 Bf7 39.Bd4 Bc7 40.Ra7 Bxh5 41.Rxa6 Bf7 42.Ne5 Bd5 43.Kf2 h5
44.Rg6 Bxa5 45.Nd7+ Ke7 46.Rxg7+ Ke6 47.Rg5 Bc7 48.Nc5+ Kd6 49.Rxh5 Ra8 50.Nd3 Ke6
51.Rh6+ Kd7 52.Rh7+ Kd8 53.Nc5 Kc8 54.Rh8+ Bd8 55.Bf6 Kc7 56.Rxd8 Rxd8 57.Bxd8+ Kxd8
58.Nd3  1-0

[Event "ch-SRB"]
[Site "Kragujevac SRB"]
[Date "2010.04.22"]
[Round "5"]
[White "Perunovic,Mil"]
[Black "Pavlovic,Milos"]
[Result "1/2-1/2"]
[WhiteElo "2574"]
[BlackElo "2540"]

1.e4 c5 2.Nf3 e6 3.d4 cxd4 4.Nxd4 Nc6 5.Nc3 a6 6.Be2 d6 7.Be3 Nf6 8.Qd2 Bd7
9.f4 b5 10.Bf3 Rc8 11.O-O-O Na5 12.b3 Qc7 13.Kb2 d5 14.e5 Ba3+ 15.Kb1 Ng8
16.Nce2 Ne7 17.g4 O-O 18.h4 Nc4 19.bxc4 bxc4 20.Ka1 c3 21.Qe1 Bb2+ 22.Kb1 Rb8
23.Nb3 a5 24.Bc1 a4 25.Bxb2 axb3 26.Qxc3 bxc2+ 27.Kxc2 Ba4+ 28.Kb1 Qxc3 29.Nxc3 Bxd1
30.Rxd1 Rb4 31.f5 h5 32.f6 Ng6 33.Bxd5 exd5 34.Nxd5 Rb7 35.e6 fxe6 36.fxg7 Rf2
37.Ne7+ Rxe7 38.Rd8+ Nf8 39.Rxf8+ Rxf8 40.gxf8=Q+ Kxf8 41.gxh5 Rh7 42.Bf6 Rxh5
43.Bg5  1/2-1/2

[Event "TCh-ISR"]
[Site "Israel ISR"]
[Date "2010.04.23"]
[Round "7"]
[White "Lederer,Y"]
[Black "Haimovich,T"]
[Result "1/2-1/2"]
[WhiteElo "2298"]
[BlackElo "2421"]

1.e4 c5 2.Ne2 Nc6 3.Nbc3 e6 4.d4 cxd4 5.Nxd4 a6 6.Be3 Qc7 7.f4 b5 8.Bd3 Nxd4
9.Bxd4 Qxf4 10.Rf1 Qd6 11.Qf3 f6 12.e5 Qxd4 13.Qxa8 Qxe5+ 14.Ne4 Ne7 15.O-O-O d5
16.Nd2 Qc7 17.a4 bxa4 18.Bxa6 Qa5 19.Bb7 Qxa8 20.Bxa8 e5 21.Nb1 Ba6 22.Rf2 e4
23.Nc3 e3 24.Rf4 e2 25.Re1 g6 26.Rxf6 Bh6+ 27.Kb1 Bd2 28.Rxa6 Bxe1 29.Nxe2 Rf8
30.Nd4 Rf2 31.Re6 Bb4 32.Bxd5 Kd7 33.Bf3 Bd6 34.h3 a3 35.bxa3 Bxa3 36.Ra6 Bb4
37.Kb2 Rd2 38.Ne6 Nf5 39.Nf4 Ne3 40.Be4 Bd6 41.Ra7+ Kc8 42.Ne6 Re2 43.Kc3 Nf5
44.Bd5 Be5+ 45.Kb3 Ne3 46.Bc6 Rxc2 47.Ra8+  1/2-1/2

[Event "9th Asian Continental"]
[Site "Olongapo City PHI"]
[Date "2010.04.24"]
[Round "4"]
[White "Salem,AR"]
[Black "Wang Chen"]
[Result "1-0"]
[WhiteElo "2483"]
[BlackElo "2390"]

1.e4 c5 2.Nf3 e6 3.d4 cxd4 4.Nxd4 Nc6 5.Nc3 Qc7 6.Be3 a6 7.Qd2 Nxd4 8.Bxd4 b5
9.O-O-O Bb7 10.Qe3 Rc8 11.Bd3 Nf6 12.Kb1 Bc5 13.Bxc5 Qxc5 14.Qg3 Nh5 15.Qg4 O-O
16.Rhe1 Qe5 17.g3 Rxc3 18.bxc3 Nf6 19.Qh4 Rc8 20.Re3 h6 21.Qf4 Qxc3 22.Qd6 Ng4
23.Re2 Ne5 24.a3 Nc6 25.e5 Qa5 26.Qxd7 Rb8 27.Re3 b4 28.a4 Nxe5 29.Qd6 Nc6
30.Rxe6 fxe6 31.Qxe6+ Kh8 32.Qg6 Kg8 33.Qe6+ Kh8 34.Qg6 Kg8 35.Qh7+ Kf8 36.Bc4 Qh5
37.Qg8+ Ke7 38.Qe6+ Kf8 39.Rd7  1-0

[Event "9th Asian Continental"]
[Site "Olongapo City PHI"]
[Date "2010.04.24"]
[Round "4"]
[White "Yang Kaiqi"]
[Black "Sethuraman,S"]
[Result "1-0"]
[WhiteElo "2396"]
[BlackElo "2493"]

1.e4 c5 2.Nf3 Nc6 3.Nc3 e6 4.d4 cxd4 5.Nxd4 Qc7 6.Be2 Nf6 7.O-O a6 8.Kh1 Be7
9.f4 d6 10.Be3 O-O 11.a4 Bd7 12.Nf3 Rac8 13.Bd3 e5 14.Qe1 exf4 15.Bxf4 Ne5
16.a5 Rfe8 17.Bg5 Be6 18.Nd4 Nfg4 19.Bxe7 Qxe7 20.Qg3 Qg5 21.Nf5 Bxf5 22.Rxf5 Qe3
23.Rxe5 Rxe5 24.Qxg4 f5 25.Qf3 Qxf3 26.gxf3 fxe4 27.Bxe4 Rc7 28.Kg2 Kf7 29.f4 Rh5
30.Bd5+ Kf8 31.Rd1 Rf5 32.Rd4 g5 33.fxg5 Rxg5+ 34.Kf3 Rh5 35.h4 Re5 36.Bb3 Rxa5
37.Rxd6 Rf5+ 38.Kg4 Rf2 39.Rd8+ Kg7 40.Ne4 Rf8  1-0

[Event "7th Balagne Open"]
[Site "Calvi FRA"]
[Date "2010.04.25"]
[Round "1"]
[White "Pieri,P"]
[Black "Milov,L"]
[Result "0-1"]
[WhiteElo "1878"]
[BlackElo "2556"]

1.e4 c5 2.Nf3 e6 3.d4 cxd4 4.Nxd4 Nc6 5.Nc3 Qc7 6.Nxc6 bxc6 7.Bd3 Nf6 8.O-O Be7
9.Qe2 d6 10.Bg5 h6 11.Bd2 e5 12.Rae1 g5 13.Na4 Bg4 14.Qe3 Be6 15.c4 Nh5 16.b3 Nf4
17.c5 d5 18.exd5 Bxd5 19.Be4 Qd7 20.Bxd5 Qxd5 21.Qe4 Nd3 22.Re3 Qxe4 23.Rxe4 O-O-O
24.Bc3 Rd5 25.b4 f6 26.g3 Rhd8 27.Re2 R8d7 28.Nb2 Nxb2 29.Rxb2 Rd3 30.Rc1 g4
31.Kf1 Rd1+ 32.Rxd1 Rxd1+ 33.Be1 h5 34.a3 f5 35.Ke2 Ra1 36.Rb3 Ra2+ 37.Kf1 Ra1
38.Ke2 e4 39.b5 Kb7 40.bxc6+ Kxc6 41.Bb4 Rh1 42.Ke3 Rxh2 43.Rb2 Bg5+ 44.Ke2 h4
45.gxh4 Bxh4 46.Ke3 Bg5+ 47.Ke2 g3  0-1